Countries of the World- Rebus Edition #1 - Statistics

General Stats
  • This quiz has been taken 867 times
  • The average score is 11 of 16
Answer Stats
Picture Answer % Correct
China
97%
Iceland
88%
France
84%
Niger
82%
Croatia
74%
Qatar
74%
Belarus
73%
Russia
73%
Panama
72%
Jamaica
70%
Canada
67%
Madagascar
63%
Romania
60%
Poland
58%
Portugal
55%
Norway
33%
No matching quizzes found
Score Distribution
Percent of People with Each Score
Percentile by Number Answered
Your Score History
You have not taken this quiz